LEADER 00915nam0 2200253 450 001 000027211 005 20100324101839.0 010 $a978-88-6250-175-0 100 $a20100324d2009----km-y0itay50------ba 101 0 $aita 102 $aIT 105 $ay-------001yy 200 1 $aAlla scuola della crisi$e[quattordicesimo rapporto sull'economia globale e l'Italia]$fMario Deaglio ... [et al.]. - Milano : Guerini e associati, 2009. - 194 p. : ill. ; 23 cm. 210 $aMilano$cGuerini e associati$d2009 215 $a194 p.$d23 cm 500 10$aAlla scuola della crisi$958910 610 1 $aCrisi economiche$aItalia$a2009 676 $a330.90511$v20$9Situazioni e condizioni economiche. 2000-2009 702 1$aDeaglio,$bMario 801 0$aIT$bUNIPARTHENOPE$c20100324$gRICA$2UNIMARC 912 $a000027211 951 $a330-A/8$b42104$cNAVA1$d2010 996 $aAlla scuola della crisi$958910 997 $aUNIPARTHENOPE